| 000 | 01510nam a2200289Ia 4500 | ||
|---|---|---|---|
| 003 | OSt | ||
| 005 | 20250415154425.0 | ||
| 008 | 191128s2015 sp ao er 000 f spa d | ||
| 020 | _a9786074808216 | ||
| 040 |
_aCO-JMCR _cCO-JMCR |
||
| 041 | 1 |
_aspa _heng |
|
| 082 | 0 | 4 |
_aA-N _2KLIt |
| 100 | 1 |
_aKline, Christina Baker, autora _91352 |
|
| 245 | 1 | 3 |
_aEl tren de los huérfanos / _cChristina Baker Kline ; traducción de Javier Guerrero |
| 250 | _a1a. edición | ||
| 260 |
_aBarcelona : _bEdiciones B, _c2015 |
||
| 300 |
_a357 páginas : _bfotografías a blanco y negro ; _c23 cm. |
||
| 500 | _aIncluye datos biográficos de la autora en solapa. | ||
| 500 | _aTítulo original: Orphan train | ||
| 520 | _aPara evitar ser enviada a un centro de menores, Molly Ayer, de diecisiete años, se ve obligada a ayudar a una mujer de noventa a ordenar su desván. Al principio la tarea le resulta algo fastidiosa, pero a medida que revisa con Vivian Daly sus recuerdos y posesiones, descubre que ella y la anciana no son tan diferentes. Desplazándose entre el Maine contemporáneo y la Minnesota de los tiempos de la Gran Depresión, El tren de los huérfanos es una novela inspirada en hechos reales que nos habla de pérdidas, de segundas oportunidades y de amistad inesperada | ||
| 546 | _aTraducido del inglés | ||
| 650 | 1 | 4 |
_aNovela inglesa _9193 |
| 650 | 1 | 4 |
_aOrfanato _xnovela _91353 |
| 650 | 1 | 4 |
_aNiños abandonados _xnovela _91354 |
| 700 | 1 |
_aGuerrero, Javier, _etraductor _91355 |
|
| 942 |
_2ddc _cBK |
||
| 999 |
_c3453 _d3453 |
||